书目信息 |
| 题名: |
美国法律讲话
|
|
| 作者: | 伯曼 编 ;陈若桓 译 | |
| 分册: | ||
| 出版信息: | 北京 三联书店 1988.3 |
|
| 页数: | 242页 | |
| 开本: | 19cm | |
| 丛书名: | ||
| 单 册: | ||
| 中图分类: | D971.2 | |
| 科图分类: | ||
| 主题词: | 法律--基本知识--美国 | |
| 电子资源: | ||
| ISBN: | 7-108-00036-9 | |
| 000 | 00896nam0 2200277 45 | |
| 001 | 0192009609 | |
| 005 | 20040425130906.4 | |
| 010 | @a7-108-00036-9@dCNY4.45 | |
| 020 | @aCN@b92009609 | |
| 092 | @a社科288-638 | |
| 100 | @a19920820e19921988em y0chiy0121 ea | |
| 101 | 0 | @achi |
| 102 | @aCN@b110000 | |
| 105 | @ay z 000yy | |
| 106 | @ar | |
| 200 | 10 | @a美国法律讲话@Amei guo fa lv jiang hua@f(美)伯 曼编@Fmei bo man bian@g陈若桓译 |
| 210 | @a北京@c三联书店@d1988.3@h1992.3重印 | |
| 215 | @a242页@d19cm | |
| 314 | @a哈罗德·伯曼,哈佛法学院教授 | |
| 330 | @a本书介绍了美国的法律知识。如美国法律历史背景和哲学原理,宪法中的言论自由权、少数民族权力,行政法、劳工法、财产法等。 | |
| 606 | @a法律@x基本知识@y美国 | |
| 690 | @aD971.2@v3 | |
| 701 | 1 | @a伯曼@Abo man@b哈罗德@4编 |
| 702 | 0 | @a陈若桓@Achen ruo huan@4译 |
| 801 | 0 | @aCN@bNLC@c19920820 |
| 905 | @f3@b257700-702@dD971.2@e22 | |
| 美国法律讲话/(美)伯 曼编/陈若桓译.-北京:三联书店,1988.3(1992.3重印) |
| 242页;19cm |
| ISBN 7-108-00036-9:CNY4.45 |
| 本书介绍了美国的法律知识。如美国法律历史背景和哲学原理,宪法中的言论自由权、少数民族权力,行政法、劳工法、财产法等。 |
| ● |
| 相关链接 |
|
|
|
|
正题名:美国法律讲话
索取号:D971.2/22
 
预约/预借
| 序号 | 登录号 | 条形码 | 馆藏地/架位号 | 状态 | 备注 |
| 1 | 0257700 | 001257393 | 密集书库/ [索取号:D971.2/22] | 在馆 | |
| 2 | 0257701 | 001257375 | 密集书库/ [索取号:D971.2/22] | 在馆 | |
| 3 | 0257702 | 001257384 | 密集书库/ [索取号:D971.2/22] | 在馆 | |
| 4 | 0257899 | 001257366 | 第一样本阅览室/ [索取号:D971.2/22] | 在馆 |